[Event "Montigny le Bretonneux Noel op 14th"]
[Site "Montigny le Bretonneux"]
[Date "2011.12.31"]
[Round "7.16"]
[White "Denizot, Laurent"]
[Black "Couronne, Patrice"]
[Result "0-1"]
[WhiteElo "1650"]
[BlackElo "1688"]
[PlyCount "122"]
[EventDate "2011.12.26"]
[EventType "swiss"]
[EventRounds "7"]
[EventCountry "FRA"]
[SourceTitle "EXT 2014"]
[Source "ChessBase"]
[SourceDate "2013.11.20"]
[SourceVersion "1"]
[SourceVersionDate "2013.11.20"]
[SourceQuality "1"]

1. c4 Nf6 2. Nc3 g6 3. g3 Bg7 4. Bg2 0-0 5. Nf3 d6 6. d4 Nbd7 7. 0-0 c5 8. d5 Nb6 9. Qd3 e5 10. e4 Nh5 11. a4 a6 12. a5 Nd7 13. Bd2 b6 14. axb6 Nxb6 15. Ne2 f5 16. Ne1 f4 17. Nf3 g5 18. b4 g4 19. Nh4 f3 20. Nxf3 gxf3 21. Bxf3 Nf6 22. bxc5 dxc5 23. Ba5 Qd6 24. Rab1 Rb8 25. Rb3 Nfd7 26. Rfb1 Rf6 27. Bg4 Bh6 28. Bxd7 Nxd7 29. Bc3 Rxb3 30. Rxb3 Rg6 31. Qb1 Nb6 32. Qd3 Bh3 33. Kh1 Qf8 34. Ng1 Bd7 35. Qe2 Nxc4 36. Qxc4 Bb5 37. Rxb5 axb5 38. Qe2 Bg7 39. Nf3 b4 40. Bxe5 Bxe5 41. Nxe5 Rf6 42. f4 Qe8 43. Qg4+ Kh8 44. Qe2 Rd6 45. Nc4 Rxd5 46. Qb2+ Rd4 47. Ne5 Kg8 48. Qc2 Qb5 49. Qb3+ c4 50. Qf3 Qb7 51. Qg4+ Kf8 52. Qf5+ Ke8 53. Qe6+ Kf8 54. Qf6+ Kg8 55. Qe6+ Kg7 56. Nc6 Rd1+ 57. Kg2 Rd2+ 58. Kh3 Qf7 59. Qe5+ Qf6 60. Qc7+ Kh6 61. g4 Qc3+ 0-1

[Event "Montigny le Bretonneux Noel op 14th"]
[Site "Montigny le Bretonneux"]
[Date "2011.12.28"]
[Round "4.12"]
[White "Denizot, Laurent"]
[Black "Danzanvilliers, Patrice"]
[Result "0-1"]
[WhiteElo "1650"]
[BlackElo "1852"]
[PlyCount "64"]
[EventDate "2011.12.26"]
[EventType "swiss"]
[EventRounds "7"]
[EventCountry "FRA"]
[SourceTitle "EXT 2014"]
[Source "ChessBase"]
[SourceDate "2013.11.20"]
[SourceVersion "1"]
[SourceVersionDate "2013.11.20"]
[SourceQuality "1"]

1. c4 e5 2. Nc3 d6 3. Nf3 f5 4. d3 Nf6 5. g3 g6 6. Bg2 Bg7 7. 0-0 0-0 8. Rb1 Nc6 9. b4 h6 10. b5 Ne7 11. Qc2 Rb8 12. c5 Be6 13. a4 g5 14. cxd6 cxd6 15. Bb2 Rc8 16. Rfd1 Ng6 17. Nd2 Qc7 18. Rdc1 d5 19. Qb3 Qd7 20. Qa3 f4 21. Nb3 b6 22. Qa1 fxg3 23. hxg3 d4 24. Na2 Bxb3 25. Nb4 Be6 26. Nc6 Bd5 27. e3 Bxg2 28. Kxg2 Ng4 29. Qa2+ Kh7 30. Rf1 dxe3 31. Bc1 Nxf2 32. Bxe3 Qh3+ 0-1